<?xml version="1.0" encoding="UTF-8"?>
<record
    xmlns:xsi="http://www.w3.org/2001/XMLSchema-instance"
    xsi:schemaLocation="http://www.loc.gov/MARC21/slim http://www.loc.gov/standards/marcxml/schema/MARC21slim.xsd"
    xmlns="http://www.loc.gov/MARC21/slim">

  <leader>03227nam a2200361   4500</leader>
  <datafield tag="999" ind1=" " ind2=" ">
    <subfield code="c">896</subfield>
    <subfield code="d">896</subfield>
  </datafield>
  <datafield tag="020" ind1=" " ind2=" ">
    <subfield code="a">9781107402317</subfield>
  </datafield>
  <datafield tag="022" ind1=" " ind2=" ">
    <subfield code="a">9780511492556    </subfield>
  </datafield>
  <datafield tag="022" ind1=" " ind2=" ">
    <subfield code="a"> 9780511250736</subfield>
  </datafield>
  <datafield tag="022" ind1=" " ind2=" ">
    <subfield code="a">9780511249693</subfield>
  </datafield>
  <datafield tag="022" ind1=" " ind2=" ">
    <subfield code="a">0511250738</subfield>
  </datafield>
  <datafield tag="022" ind1=" " ind2=" ">
    <subfield code="a">0511249144  </subfield>
  </datafield>
  <datafield tag="022" ind1=" " ind2=" ">
    <subfield code="a"> 6610703833</subfield>
  </datafield>
  <datafield tag="022" ind1=" " ind2=" ">
    <subfield code="a">9780511249143</subfield>
  </datafield>
  <datafield tag="022" ind1=" " ind2=" ">
    <subfield code="a">  0511249691 </subfield>
  </datafield>
  <datafield tag="022" ind1=" " ind2=" ">
    <subfield code="a">9786610703838</subfield>
  </datafield>
  <datafield tag="022" ind1=" " ind2=" ">
    <subfield code="a"> 0511248067 </subfield>
  </datafield>
  <datafield tag="022" ind1=" " ind2=" ">
    <subfield code="a">0511250207</subfield>
  </datafield>
  <datafield tag="022" ind1=" " ind2=" ">
    <subfield code="a">9780511250200</subfield>
  </datafield>
  <datafield tag="022" ind1=" " ind2=" ">
    <subfield code="a">0511492553</subfield>
  </datafield>
  <datafield tag="022" ind1=" " ind2=" ">
    <subfield code="a">9780511248061</subfield>
  </datafield>
  <datafield tag="050" ind1=" " ind2=" ">
    <subfield code="a">HF5437</subfield>
    <subfield code="b">.H66</subfield>
  </datafield>
  <datafield tag="100" ind1=" " ind2=" ">
    <subfield code="a"> 	Nicola Dimitri; Gustavo Piga; Giancarlo Spagnolo</subfield>
  </datafield>
  <datafield tag="245" ind1=" " ind2=" ">
    <subfield code="a">Handbook of procurement</subfield>
    <subfield code="c"> 	Nicola Dimitri; Gustavo Piga; Giancarlo Spagnolo</subfield>
  </datafield>
  <datafield tag="260" ind1=" " ind2=" ">
    <subfield code="a"> UK ; New York : </subfield>
    <subfield code="b">Cambridge University Press,</subfield>
    <subfield code="c"> 2006.</subfield>
  </datafield>
  <datafield tag="300" ind1=" " ind2=" ">
    <subfield code="a"> 	 (xv, 544 pages :</subfield>
    <subfield code="b"> illustrations)</subfield>
    <subfield code="c">23cm</subfield>
    <subfield code="e">1 online resource</subfield>
  </datafield>
  <datafield tag="500" ind1=" " ind2=" ">
    <subfield code="a">Includes index</subfield>
  </datafield>
  <datafield tag="505" ind1=" " ind2=" ">
    <subfield code="a">Introduction / Nicola Dimitri, Gustavo Piga and Giancarlo Spagnolo --
The variety of procurement practice : evidence from public procurement / Laura Carpineti, Gustavo Piga and Matteo Zanza --
When should procurement be centralized? / Nicola Dimitri, Federico Dini and Gustavo Piga --
Procurement contracting strategies / Gian Luigi Albano, Giacomo Calzolari, Federico Dini, Elisabetta Iossa and Giancarlo Spagnolo --
Incentives and award procedures : competitive tendering vs. negotiations in procurement / Patrick Bajari and Steve Tadelis --
Competitive tendering strategies --
Information and competitive tendering / Gian Luigi Albano, Nicola Dimitri, Riccardo Pacini, Giancarlo Spagnolo --
Division in lots and competition in procurement / Veronika Grimm, Riccardo Pacini, Giancarlo Spagnolo and Matteo Zanza --
Multi-contract tendering procedures and package bidding in procurement / Nicola Dimitri, Riccardo Pacini, Marco Pagnozzi and Giancarlo Spagnolo --
Dynamic auctions in procurement / Lawrence M. Ausubel and Peter Cramton --
Attracting and screening participants --
Pricing and other business strategies for e-procurement platforms / Bruno Jullien --
Fostering participation / Gian Luigi Albano, Nicola Dimitri, Isabelle Perrigne and Gustavo Piga --
Scoring rules / Federico Dini, Riccardo Pacini, Tommaso Valletti --
Managing risky bids / Andreas Engel, Juan-Jos&#xE9; Ganuza, Esther Hauk and Achim Wambach --
Preventing collusion and corruption --
Preventing collusion in procurement / Gian Luigi Albano, Paolo Buccirossi, Giancarlo Spagnolo and Matteo Zanza --
Bidding rings and the design of anti-collusive measures for auctions and procurements / William E. Kovacic, Robert C. Marshall, Leslie M. Marx and Matthew E. Raiff --
Corruption in procurement auctions / Yvan Lengwiler and Elmar Wolfstetter --
Dynamic forces and innovation --
Managing dynamic procurements / Tracy R. Lewis and Huseyin Yildirim --
Designing reputation mechanisms / Chrysanthos Dellarocas, Federico Dini and Giancarlo Spagnolo --
Procuring innovations / Luis Cabral, Guido Cozzi, Vincenzo Denicolo, Giancarlo Spagnolo and Matteo Zanza.</subfield>
  </datafield>
  <datafield tag="650" ind1=" " ind2=" ">
    <subfield code="a"> Purchasing -</subfield>
    <subfield code="x"> Purchasing departments. </subfield>
  </datafield>
  <datafield tag="650" ind1=" " ind2=" ">
    <subfield code="a"> Industrial procurement. </subfield>
    <subfield code="x"> Management.     </subfield>
  </datafield>
  <datafield tag="700" ind1=" " ind2=" ">
    <subfield code="a"> Gustavo Piga;</subfield>
  </datafield>
  <datafield tag="710" ind1=" " ind2=" ">
    <subfield code="a">Giancarlo Spagnolo</subfield>
  </datafield>
  <datafield tag="942" ind1=" " ind2=" ">
    <subfield code="c">BK</subfield>
  </datafield>
  <datafield tag="952" ind1=" " ind2=" ">
    <subfield code="0">0</subfield>
    <subfield code="1">0</subfield>
    <subfield code="4">0</subfield>
    <subfield code="7">0</subfield>
    <subfield code="8">REF</subfield>
    <subfield code="a">MUCGM</subfield>
    <subfield code="b">MUCGM</subfield>
    <subfield code="c">GEN</subfield>
    <subfield code="d">2012-02-14</subfield>
    <subfield code="l">0</subfield>
    <subfield code="o">HF5437 .H66</subfield>
    <subfield code="p">34812</subfield>
    <subfield code="r">2017-11-14 00:00:00</subfield>
    <subfield code="w">2017-11-14</subfield>
    <subfield code="y">BK</subfield>
  </datafield>
</record>
